000 00612nam a22001697a 4500
999 _c60762
_d60762
005 20231019121742.0
008 231019s1989 ru ||||| |||| 00| 0 rus d
020 _a5210000826
041 _arus
080 _a008(470):7.078 K-78
245 _aКрасная книга культуры /
_cОтв. Ред. Иван Т. Фролов.
264 _aМосква :
_bИскусство,
_c1989.
300 _a423 стр.:
_bил.;
_c24 см.
653 _aკულტურის წითელი წიგნი
700 _aФролов, Иван Т.
_eრედაქტორი
_920128
942 _2udc
_cBK